000 00662nam a2200241Ia 4500
999 _c2691
_d2691
007 ta
008 230322t2016||||ii a ||gd|||||||1 ||eng||
020 _a9780198096313
_cRs. 385.00
040 _aKO
_beng
041 0 _aeng
044 _aii
082 0 4 _223
_a808.5
_bK9605
100 1 _aKumar, Sanjay
245 1 0 _aEnglish for effective communication /
_cSanjay Kumar and Pushp Lata
260 _aNew Delhi:
_bOxford university press ,
_c2016
300 _ax, 330 p :
_bill. ;
_c24 cm.
650 0 _aEnglish language
_xBusiness English
650 0 _aCommercial correspondence
700 _aLata, Pushp
_eaut
904 _aA_BOSE
942 _cBK